00404nam a2200133Ia 4500008004100000020001500041050002800056245007000084260002200154300001500176650003300191980003100224999001500255151021s9999 xx 000 0 und d a2761305566 aPS 3573 R.5365 T3 1989  a_Take over; communicating in english Resource book Rosalie Banko  aOttawa erpi 1989  avii,199p.  a_seven wonders of the world  a^d20110406 10:36:16^okorir c7049d7049